| 000 | 00530nam a22001937a 4500 | ||
|---|---|---|---|
| 005 | 20260218072010.0 | ||
| 008 | 260218b |||||||| |||| 00| 0 eng d | ||
| 037 | _cDSWL | ||
| 040 |
_aDSWL _cDSWL |
||
| 041 | _heng | ||
| 084 | _aV2:2.2 R5 | ||
| 100 |
_aAmbedkar, B.R. _91116124 |
||
| 245 | _aConstitution of India | ||
| 260 |
_aNew Delhi, _bJain Book Agency, _c2023 |
||
| 300 | _a262p | ||
| 365 |
_aINR _b1590 |
||
| 942 |
_2CC _cTEXL _hV2:2.2 R5 _n0 |
||
| 999 |
_c1679918 _d1679918 |
||